Planisferio político - planisferio físico /

Guardado en:
Formato: Libro
Publicado: Buenos Aires : Sm, 2011
Series:Conecta 2.0
Materias:
Etiquetas: Agregar Etiqueta
Sin Etiquetas, Sea el primero en etiquetar este registro!
LEADER 00833nam a22002295a 4500
001 CEM.cems013669
005 20120427170829.0
008 130507s2011##################000#0#####d
003 CEMS
082 0 4 |a F912 
245 0 0 |a Planisferio político - planisferio físico /  |c Miguel Angel Forchi 
260 |a Buenos Aires :  |b Sm,  |c 2011 
490 0 |a Conecta 2.0 
500 |a Cartografía establecida por el Poder Ejecutivo Nacional, a través del Ign -ley 22963- y aprobada por expediente Gg103377/5 
653 |a Planisferio político 
653 |a Planisferio físico 
653 |a Ciencias sociales 
653 |a 1º esb 
653 |a 7º egb 
859 |a CEMS  |b BIB. CEMS - 11 de abril  |h F912  |i I  |p 2765.44  |t Ej.1 
859 |a CEMS  |b BIB. CEMS - 11 de abril  |h F912  |i I  |p 2766.44  |t Ej.2 
859 |a CEMS  |b BIB. CEMS - 11 de abril  |h F912  |i I  |p 2767.44  |t Ej.3